000 00936nmm a2200325 a 4500
003 AR-BaBNM
005 20251128205458.0
008 047119s1996 ||||||||||||||000 | spa||
020 _a950-04-1083-4
040 _cAR-BaBNM
100 1 _aJavna, John
245 1 0 _a50 cosas que los niños pueden hacer para salvar la tierra
246 1 _aCincuenta cosas que los niños pueden hacer para salvar la tierra
260 _aBuenos Aires
_bEmecé
_c1996
300 0 _a156 p.
_bil.
650 4 _aEDUCACION AMBIENTAL
650 4 _aECOLOGIA
650 4 _aRECICLAJE
650 4 _aTECNICAS DE ENSENANZA
650 4 _aMEDIO AMBIENTE
650 4 _aEDUCACION DEL NINO
650 4 _aRESPONSABILIDAD DEL NINO
650 4 _aACTIVIDADES DE APRENDIZAJE
650 4 _aRECICLAJE DE DESECHOS
653 0 _aTEMAS TRANSVERSALES
700 1 _aTrujillo, Diana
_etraductor
710 2 _aEarth Works Group
942 _cBK
998 _cSILVI
999 _c11559
_d11559